Statistics for Highest Goalscorers in the Champions League From Africa

Click here to take the quiz!

General Stats

  • This quiz has been taken 99 times
  • The average score is 13 of 23

Answer Stats

#GoalsGamesYearsMain Team(s)Answer% Correct
330781999-'00, 2001-'02, 2004-'11, 2013-'14Barcelona, Inter MilanSamuel Eto'o
100%
244922003-2015Chelsea, GalatasarayDidier Drogba
99%
144792013-'16, 2017-Liverpool, AS RomaMohamed Salah
99%
427642017-Liverpool, Bayern MunichSadio Mané
98%
520542016-'17, 2018-Manchester City, Leicester CityRiyad Mahrez
89%
913211988-'89, 1994-'95, 1996-'97, 1999-'00Paris Saint-Germain, AC MilanGeorge Weah
85%
238702005-'06, 2007-'10, 2011-'18Manchester City, BarcelonaYaya Touré
82%
617382013-'15, 2016-'18, 2022-Borussia Dortmund, ChelseaPierre-Emerick Aubameyang
80%
1111102021-Ajax Amsterdam, Borussia DortmundSébastien Haller
73%
1411762003-2014Chelsea, Olympique LyonMichael Essien
58%
1211362014-'15, 2018-Bayern Munich, Paris Saint GermainEric Maxim Choupo-Moting
56%
218402018-Chelsea, Ajax AmsterdamHakim Ziyech
56%
1311442003-'05, 2006-'09, 2010-'11Arsenal, AS MonacoEmmanuel Adebayor
51%
178142020-SevillaYoussef En-Nesyri
47%
814232014-2019FC Porto, BeşiktaşVincent Aboubakar
46%
198302006-'07, 2008-'13Bordeaux, ArsenalMarouane Chamakh
42%
715312011-'12, 2013-'18CSKA Moscow, FC BaselSeydou Doumbia
38%
188242017-'19, 2020-'21FC PortoMoussa Marega
35%
228542006-2013Chelsea, LilleSalomon Kalou
34%
159281998-'99, 2003-'06FC Porto, Ajax AmsterdamBenni McCarthy
24%
1012171986-89, 1990-'91FC PortoRabah Madjer
24%
169342002-'06, 2009-'11Inter Milan, Rubin KazanObafemi Martins
19%
208352014-2019FC PortoYacine Brahimi
13%

Score Distribution

Percentile by Number Answered

Percent of People with Each Score

Your Score History

You have not taken this quiz